<?xml version="1.0" encoding="UTF-8"?>
<record
    xmlns:xsi="http://www.w3.org/2001/XMLSchema-instance"
    xsi:schemaLocation="http://www.loc.gov/MARC21/slim http://www.loc.gov/standards/marcxml/schema/MARC21slim.xsd"
    xmlns="http://www.loc.gov/MARC21/slim">

  <leader>00847cam a2200265 u 4500</leader>
  <controlfield tag="001">78000</controlfield>
  <controlfield tag="003">BD-RjUL</controlfield>
  <controlfield tag="005">20221212103658.0</controlfield>
  <controlfield tag="008">221211s1982    le     ||    |000 0|ara||</controlfield>
  <datafield tag="035" ind1=" " ind2=" ">
    <subfield code="a">(BD-RjUL)</subfield>
  </datafield>
  <datafield tag="040" ind1=" " ind2=" ">
    <subfield code="a">UkOxU</subfield>
    <subfield code="b">eng</subfield>
    <subfield code="c">BD-RjUL</subfield>
  </datafield>
  <datafield tag="041" ind1=" " ind2=" ">
    <subfield code="a">ara</subfield>
  </datafield>
  <datafield tag="066" ind1=" " ind2=" ">
    <subfield code="c">(3</subfield>
  </datafield>
  <datafield tag="082" ind1=" " ind2=" ">
    <subfield code="2">297.125</subfield>
    <subfield code="a">QUF</subfield>
    <subfield code="b">1982</subfield>
  </datafield>
  <datafield tag="100" ind1="1" ind2=" ">
    <subfield code="a">&#x642;&#x637;&#x628; &#x633;&#x64A;&#x62F; ;; Qu&#x1E6D;b, Sayyid,</subfield>
    <subfield code="d">1906-1966.</subfield>
    <subfield code="9">245394</subfield>
  </datafield>
  <datafield tag="245" ind1="1" ind2="0">
    <subfield code="a">&#x641;&#x64A; &#x638;&#x644;&#x627;&#x644; &#x627;&#x644;&#x642;&#x631;&#x627;&#x646; ;; F&#x12B; &#x1E93;il&#x101;l al-Qur&#x2BC;&#x101;n /</subfield>
    <subfield code="c">&#x628;&#x642;&#x644;&#x645; &#x633;&#x64A;&#x62F; &#x642;&#x637;&#x628;. ;; bi-qalam Sayyid Qu&#x1E6D;b.</subfield>
  </datafield>
  <datafield tag="250" ind1=" " ind2=" ">
    <subfield code="a">&#x627;&#x644;&#x637;&#x628;&#x639;&#x629; &#x627;&#x644;&#x634;&#x631;&#x639;&#x64A;&#x629; &#x627;&#x644;&#x639;&#x627;&#x634;&#x631;&#x629;</subfield>
  </datafield>
  <datafield tag="260" ind1=" " ind2=" ">
    <subfield code="a">Bayr&#x16B;t :</subfield>
    <subfield code="b">D&#x101;r al-Shur&#x16B;q,</subfield>
    <subfield code="c">1402 1982</subfield>
  </datafield>
  <datafield tag="260" ind1=" " ind2=" ">
    <subfield code="a">&#x628;&#x64A;&#x631;&#x648;&#x62A; :</subfield>
    <subfield code="b">&#x62F;&#x627;&#x631; &#x627;&#x644;&#x634;&#x631;&#x648;&#x642;&#x60C;</subfield>
    <subfield code="c">1402</subfield>
  </datafield>
  <datafield tag="300" ind1=" " ind2=" ">
    <subfield code="a"> v. ;</subfield>
    <subfield code="c">29 cm.</subfield>
  </datafield>
  <datafield tag="505" ind1=" " ind2=" ">
    <subfield code="a">Vol. 1.--pt. 1-4.--</subfield>
  </datafield>
  <datafield tag="650" ind1=" " ind2=" ">
    <subfield code="a">Qur&#x2BC;an</subfield>
    <subfield code="v">Commentaries.</subfield>
    <subfield code="9">245395</subfield>
  </datafield>
  <datafield tag="650" ind1=" " ind2=" ">
    <subfield code="a">Qur&#x2BC;an.</subfield>
    <subfield code="9">245396</subfield>
  </datafield>
  <datafield tag="942" ind1=" " ind2=" ">
    <subfield code="2">ddc</subfield>
    <subfield code="c">BK</subfield>
  </datafield>
  <datafield tag="999" ind1=" " ind2=" ">
    <subfield code="c">80943</subfield>
    <subfield code="d">80943</subfield>
  </datafield>
  <datafield tag="952" ind1=" " ind2=" ">
    <subfield code="0">0</subfield>
    <subfield code="1">0</subfield>
    <subfield code="2">ddc</subfield>
    <subfield code="4">0</subfield>
    <subfield code="7">1</subfield>
    <subfield code="8">NFIC</subfield>
    <subfield code="a">RUCL</subfield>
    <subfield code="b">RUCL</subfield>
    <subfield code="c">Reading</subfield>
    <subfield code="d">1984-04-18</subfield>
    <subfield code="e">Toppan &amp; sons ltd.,  Singapur</subfield>
    <subfield code="g">117.50</subfield>
    <subfield code="l">0</subfield>
    <subfield code="o"> A 297.125 V-1 pt.1-4 QUF 1982</subfield>
    <subfield code="r">2022-12-11 00:00:00</subfield>
    <subfield code="t">C-1</subfield>
    <subfield code="w">2022-12-11</subfield>
    <subfield code="y">BK</subfield>
  </datafield>
  <datafield tag="952" ind1=" " ind2=" ">
    <subfield code="0">0</subfield>
    <subfield code="1">0</subfield>
    <subfield code="2">ddc</subfield>
    <subfield code="4">0</subfield>
    <subfield code="7">1</subfield>
    <subfield code="8">NFIC</subfield>
    <subfield code="a">RUCL</subfield>
    <subfield code="b">RUCL</subfield>
    <subfield code="c">Reading</subfield>
    <subfield code="d">0000-00-00</subfield>
    <subfield code="e">Toppan &amp; sons ltd., Singapur</subfield>
    <subfield code="g">117.50</subfield>
    <subfield code="o">A 297.125 V-2 pt.5-7 QUF 1982</subfield>
    <subfield code="r">2022-12-12 00:00:00</subfield>
    <subfield code="t">C-1</subfield>
    <subfield code="y">BK</subfield>
  </datafield>
</record>
